1603 1752 2000 1427 1545 1323 1676 1734 1641 1455 1888 1514 1435 1443 1097 1049 1006 1145 1499 1849 1024 1674 1350 1264 1742 1380 1541 1404 1685 1510 1336 1482 1359 1349 1199 1903 1369 1923 1985 1712 1907 1356 1986 1424 1607 1453 1492 1285 1563 1711 1832 1986 1190 1921 1095 1901 1724 1449 1016 1380 1808 1565 1769 1152 1484 1093 1476 1517 1987 1842 1070 1083 2000 1503 1406 1638 1717 1514 1053 1818 1529 1854 1990 1672 1809 1058 1255 1672 1674 1269 1058 1294 1110 1261 1475 1702 1990 1007 1927 BCNSPRNW ULIB Ver.6.0+V

เปลี่ยนเป็นภาษาไทย

Change to English
 แสดงรายละเอียดบรรณานุกรม
  กลับหน้าหลัก

Brief Record : Get Marc (ISO 2709) : E-mail record : QR code < ปิดหน้าต่าง
LEADER : 00000nam 2200000uu 4500
001    13399124614
003     ULIB
008    151022s2557||||th 000 0 tha d
020    9789743506154
060 04 ^aWB310^bค695
245 00 ^aคู่มือผู้ให้บริการสาธารณสุข : ^bกฎหมายและแนวทางการปฏิบัติที่เกี่ยวข้องกับการดูแลผู้ป่วยระยะสุดท้าย /^c[คณะกรรมการที่ปรึกษาเพื่อส่งเสริมการใช้สิทธิและหน้าที่ด้านสุขภาพ ศูนย์กฎหมายสุขภาพและจริยศาสตร์ คณะนิติศาสตร์ มหาวิทยาลัยธรรมศาสตร์, เครือข่าย Palliative Care ในโรงเรียนแพทย์]
250    พิมพ์ครั้งที่ 3
260    ^aนนทบุรี :^bสำนักงานคณะกรรมการสุขภาพแห่งชาติ,^c2557
300    ^a54 หน้า ;^c29 ซม.
650  0 ^aTerminal care
650  0 ^aTerminal care^xLaw and legislation
650  0 ^aPalliative treatment
650  4 ^aผู้ป่วยระยะสุดท้าย^xการดูแล
650  4 ^aผู้ป่วยระยะสุดท้าย^xกฎหมายและระเบียบข้อบังคับ
650  4 ^aการรักษาเพื่อบรรเทาอาการ
650  4 ^aผู้ป่วยหนัก, การดูแล
710 2  ^aมหาวิทยาลัยธรรมศาสตร์.^bคณะนิติศาสตร์. ^bศูนย์กฎหมายสุขภาพและจริยศาสตร์.
710 2  ^aเครือข่าย Palliative Care ในโรงเรียนแพทย์
710 2  ^aสำนักงานคณะกรรมการสุขภาพแห่งชาติ
945    ^p0^l0^i000146
999    ^aเกษร โพธิ์สุวรรณ
รายการนี้ยังไม่มีแท็ก
คุณยังไม่ได้ล็อกอิน คุณสามารถมีกิจกรรมร่วมกับเว็บไซต์ได้ แต่ต้องล็อกอินก่อน ::
  ล็อกอิน

รายการสื่อสารสนเทศ

ลำดับที่ ประเภท เลขเรียก/บาร์โค้ด สถานที่ สถานะ
1. วิทยาศาสตร์การแพทย์ และสุขภาพ
หนังสือสำรอง
สถานะ=หนังสือสำรอง
WB310 ค695 ฉ.1 
  Barcode: 000146
ห้องสมุดวิทยาเขตสวรรค์ประชารักษ์
►หนังสือทั่วไป
บนชั้น

รายการใกล้เคียง
    หัวเรื่อง [Terminal care]
    หัวเรื่อง [Palliative treatment]
    หัวเรื่อง [การรักษาเพื่อบรรเทาอาการ]
    หัวเรื่อง [ผู้ป่วยหนัก, การดูแล]

BibComment


ยังไม่เคยถูกคอมเมนท์

คอมเมนท์ทรัพยากรรายการนี้
  คอมเมนท์: คู่มือผู้ให้บริก..


 Copyright 2026. Bcnsprnw @Library